| 000 | 00477nam a2200157 i 4500 | ||
|---|---|---|---|
| 001 | 74738 | ||
| 003 | ES-MaACL | ||
| 005 | 20230906172229.0 | ||
| 007 | t| | ||
| 008 | 040920s1938 cu ||||1| spa d | ||
| 100 | 1 |
_aGonzález del Valle, Francisco. _958591 |
|
| 245 | 1 | 0 |
_aCronología Herediana _b: (1803-1839) / _cFrancisco González del Valle. |
| 260 |
_aLa Habana : _b[s.n.], _c1938 ( _fImp. Montalvo y Cárdenas) |
||
| 300 |
_a331 p. ; _c21 cm. |
||
| 852 |
_aES-MaACL _jA-4637 |
||
| 999 |
_c74738 _d74738 |
||